000 00422nam a2200157Ia 4500
008 240729s9999 xx 000 0 und d
022 _a2772-6525
245 0 _aResearch in Diagnostic and Interventional Imaging
260 _aFrance
260 _bElsevier
650 _a Medicine (General)
650 _aMedicine
856 _uhttps://doaj.org/toc/72c5108fa8e1447e96c5639722cead20
942 _2ddc
942 _cDOAJEJ
999 _c67936
_d67936
945 _a1
_bMadushi Gamage
_c1
_dMadushi Gamage